| 000 | 00382cam a22001217a 4500 | ||
|---|---|---|---|
| 008 | 180718b2001 xxu||||| |||| 00| 0 eng d | ||
| 020 | _a8186962395 | ||
| 082 | _aT19x54 G918/2000-01 | ||
| 245 | _aAlternative economic survey, 2000-2001, second generation reforms: delusion of development | ||
| 260 |
_aDelhi _bRainbow _c2001 |
||
| 300 | _a211p. | ||
| 650 | _aIndia - Economic conditions | ||
| 999 |
_c398978 _d398978 |
||